| 000 | 01764nam a2200433Ii 4500 | ||
|---|---|---|---|
| 001 | DIGUCCH0123 | ||
| 003 | NyNyDIG | ||
| 006 | m o d | ||
| 007 | cr ||||||||||| | ||
| 008 | 250202s2023 cl ab o 000 0 spa d | ||
| 035 | _a(OCoLC)1435932830 | ||
| 040 |
_aDGITA _beng _erda _epn _cDGITA |
||
| 020 |
_a9789561431980 _qdigital |
||
| 020 | _z9789561431973 | ||
| 041 | 1 |
_aspa _heng |
|
| 050 | 1 | 4 | _aJV6346 ebook |
| 100 | 1 |
_aLoescher, Gil, _d1945-2020, _eauthor. |
|
| 240 | 1 | 0 |
_aRefugees. _lSpanish _s(Chávez Argandoña) |
| 245 | 1 | 0 |
_aRefugiados : _buna breve introducción / _cGil Loescher ; traducción, Lorena Melissa Chávez Argandoña. |
| 264 | 1 |
_aSantiago, Chile : _bEdiciones UC ; _a[Inglaterra] : _bOxford, _c[2023] |
|
| 300 |
_a1 online resource : _billustrations, maps. |
||
| 336 |
_atext _btxt _2rdacontent |
||
| 337 |
_acomputer _bc _2rdamedia |
||
| 338 |
_aonline resource _bcr _2rdacarrier |
||
| 347 |
_atext file _2rdaft |
||
| 347 | _bEPUB | ||
| 588 | 0 | _aOnline resource; title from ePub title page (Digitalia, viewed February 2, 2025) | |
| 650 | 0 | _aRefugees. | |
| 650 | 0 | _aForced migration. | |
| 650 | 0 | _aHumanitarian assistance. | |
| 700 | 1 |
_aChávez Argandoña, Lorena Melissa, _etranslator. |
|
| 700 | 1 |
_iTranslation of: _aLoescher, Gil, _d1945-2020. _tRefugees. |
|
| 776 | 0 | 8 |
_iPrint version: _aLoescher, Gil, 1945-2020. _sRefugees. Spanish (Chávez Argandoña). _tRefugiados. _dSantiago, Chile : Ediciones UC ; [Inglaterra] : Oxford, [2023] _z9789561431973 |
| 791 | 2 |
_aDigitalia (Firm), _edistributor. |
|
| 793 | 0 |
_gDigitalia eBook Collection: _aEdiciones Universidad Católica de Chile |
|
| 856 | 4 | 0 |
_3Digitalia Hispánica _uhttps://www.digitaliapublishing.com/a/163030/ |
| 910 | _aPremium collection: 2025 | ||
| 942 | _cRAA | ||
| 999 |
_c289564 _d289564 |
||